000 00647nam a2200229Ia 4500
003 OSt
005 20220925202733.0
006 a|||||r|||| 00| 0
007 ta
008 220923b |||||||| |||| 00| 0 eng d
037 _cGeneral Book
040 _aRTL
_cRTL
_beng
041 _2eng
_aeng
082 _aB321, K6
100 _aShanti Narayan
_9148774
245 0 _aAvakalan Ganit (or) Differential calculus Tr into
260 _aDelhi
_bUniversity Directorate of Translation
_c1966
300 _aviii,492.+ixp.
_ccm.
650 _aCalculus
942 _hB321, K6
_cGB
_2CC
999 _c543923
_d543923